<?xml version="1.0" encoding="UTF-8"?>
<marc:record xmlns:marc="http://www.loc.gov/MARC21/slim">
   <marc:leader>00000nam a2200000 a 4500</marc:leader>
   <marc:datafield ind1=" " ind2=" " tag="653">
      <marc:subfield code="a">Tonie-Hörbuch</marc:subfield>
   </marc:datafield>
   <marc:datafield ind1=" " ind2=" " tag="653">
      <marc:subfield code="a">Ritter</marc:subfield>
   </marc:datafield>
   <marc:datafield ind1="0" ind2="0" tag="245">
      <marc:subfield code="a">Gus - der klitzekleine Ritter [Tonie]</marc:subfield>
   </marc:datafield>
   <marc:datafield ind1="0" ind2="0" tag="245">
      <marc:subfield code="b">Tonie. Hörspiel ab 3 Jahren</marc:subfield>
   </marc:datafield>
   <marc:datafield ind1=" " ind2="1" tag="264">
      <marc:subfield code="a">Hamburg</marc:subfield>
      <marc:subfield code="b">Edel Music &amp; Entertainment GmbH</marc:subfield>
      <marc:subfield code="c">2025</marc:subfield>
   </marc:datafield>
   <marc:datafield ind1="1" ind2=" " tag="520">
      <marc:subfield code="a">Das Original-Hörspiel zur TV-Serie&#xD;
&#xD;
Der kleine Königssohn Gus möchte der größte Ritter im ganzen Königreich Karamell werden. Es gibt nur ein Problem: Gus ist, nun ja, noch ziemlich klein. Lass dich von seiner Größe jedoch nicht täuschen, denn er hat ein riesiges Herz! Auf seinem elektrischen Pony und mit dem Laserschwert in der Hand, bestreitet Gus seine Abenteuer. Damit beweist er ein für&#xD;
alle Mal, dass man mit Mut jedes Hindernis überwinden kann und dass es keinen größeren Ritter gibt als Gus, den klitzekleinen Ritter. &#xD;
&#xD;
Die Legende von Gus &#xD;
Die Superladung &#xD;
Etwas zu klein &#xD;
Der königliche Wettbewerb (Verlagstext)</marc:subfield>
   </marc:datafield>
   <marc:datafield ind1=" " ind2=" " tag="041">
      <marc:subfield code="a">ger</marc:subfield>
   </marc:datafield>
   <marc:datafield ind1=" " ind2=" " tag="338">
      <marc:subfield code="a">Nicht spezifiziert</marc:subfield>
   </marc:datafield>
   <marc:datafield ind1=" " ind2=" " tag="300">
      <marc:subfield code="a">1</marc:subfield>
   </marc:datafield>
</marc:record>
